Billie Eilish - Halley’s Comet (all lyrics) - Statistics

General Stats
  • This quiz has been taken 136 times
  • The average score is 132 of 154
Answer Stats
Answer % Correct
I
100%
a
99%
Comet
99%
around
97%
Comes
97%
do
97%
Halley's
97%
more
96%
than
96%
you
96%
And
93%
and
93%
have
93%
love
93%
my
93%
to
93%
for
91%
For
91%
in
91%
be
90%
me
90%
But
88%
but
88%
fall
88%
with
88%
With
88%
few
87%
haven't
87%
Haven't
87%
it
87%
like
87%
slept
87%
What
87%
been
85%
seem
85%
am
84%
don't
84%
honest
84%
must
84%
quite
84%
want
84%
you've
84%
admit
82%
dreams
82%
is
82%
Midnight
82%
Silly
82%
since
82%
Sunday
82%
takes
82%
3
81%
alone
81%
are
81%
promise
81%
was
81%
better
79%
brother's
79%
I'm
79%
nights
79%
break
78%
drag
78%
ever
78%
room
78%
sitting
78%
all
76%
could
76%
sleepless
76%
week
76%
feel
75%
made
74%
two
74%
you're
74%
fallen
72%
or
72%
now
71%
think
71%
might
68%
I've
63%
moment
63%
right
63%
this
62%
hopeless
57%
at
56%
good
56%
before
54%
feeling
54%
nothing
53%
loved
50%
No matching quizzes found
Score Distribution
Percent of People with Each Score
Percentile by Number Answered
Your Score History
You have not taken this quiz